000 00607nam a22001937a 4500
999 _c14515
_d14515
003 MIRAKIL
005 20210923124345.0
008 210923b tu ||||| |||| 00| 0 tur d
040 _aTR-AnCHP
_cTR-AnCHP
041 _aTur
082 _a956.1024092
_bK26i 1967
100 1 _aKarabekir, Kazım
_d1882-1948
245 1 0 _aİstiklâl harbimizde Enver Paşa ve İttihat Terakki erkanı /
_cKazım Karabekir.
260 _aİstanbul :
_bMenteş Kitabevi,
_c1967.
300 _a386 s.:
_c19 sm.
600 0 _95649
_aEnver Paşa
_d1881-1922
_xyaşamöyküsü
650 0 _9908
_aTürkiye
_xTarih
942 _2ddc
_cBKS